000 00762nam a22002777a 4500
001 0001003
003 KOHA_MİRAKIL
005 20260207001226.0
007 ta
008 081212b2006 tu |||gr||||#||||0|tur |
020 _a9757477192
_cYTL30,69
040 _aTR-BiSEU
_btur
_cTR-BiSEU
_erda
041 0 _atur
044 _ctu
050 _aQD251.2
_b.T89 2006
100 1 _aTüzün, Celal.
245 1 _aOrganik kimya/
_cCelal Tüzün ; Celal Tüzün.
264 1 _aAnkara :
_bPalme Yayın Dağıtım
_c2006
300 _a706 sayfa; 20 cm.
336 _ametin
_btxt
_2rdacontent
337 _aaracısız
_bn
_2rdamedia
338 _acilt
_bnc
_2rdacarrier
650 0 _aKimya, Organik.
_91514
650 0 _aChemistry, Organic.
_91515
942 _2lcc
_cBK
999 _c998
_d998